[Event "Lichtenberger Sommer 2024"]
[Site "Berlin"]
[Date "2024.08.17"]
[Round "8.76"]
[White "Schneider, Eckehard"]
[Black "Zussner, Tim"]
[Result "1-0"]
[WhiteElo "1863"]
[BlackElo "1679"]
[PlyCount "43"]
[EventDate "2024.08.10"]
[WhiteTeam "SF Berlin 1903 e.V."]
[BlackTeam "SV Empor Berlin e.V."]

1. d4 d5 2. Bf4 Nf6 3. e3 e6 4. Nd2 c5 5. c3 Nc6 6. Bd3 Be7 7. Ngf3 O-O 8. h4
h6 9. Ne5 Nxe5 10. dxe5 Ne8 11. Nf3 f5 12. exf6 Nxf6 13. Ne5 Bd7 14. g4 Be8 15.
g5 Nh5 16. Bh2 hxg5 17. Ng6 Bxg6 18. Bxg6 Nf6 19. hxg5 Nh7 20. Bxh7+ Kxh7 21.
Qh5+ Kg8 22. g6 1-0

[Event "Lichtenberger Sommer 2024"]
[Site "Berlin"]
[Date "2024.08.17"]
[Round "8.77"]
[White "Ollek, Karl-Heinz"]
[Black "Küster, Finn"]
[Result "1/2-1/2"]
[WhiteElo "1763"]
[BlackElo "1679"]
[PlyCount "46"]
[EventDate "2024.08.10"]
[WhiteTeam "SC Friesen Lichtenberg e.V."]
[BlackTeam "Spandauer SV e.V."]

1. c4 Nf6 2. Nc3 c5 3. e4 Nc6 4. Nf3 d6 5. h3 g6 6. d4 cxd4 7. Nxd4 Bg7 8. Be3
O-O 9. Be2 Qa5 10. O-O Bd7 11. Nb3 Qc7 12. Rc1 Rac8 13. Nd5 Qd8 14. Nxf6+ Bxf6
15. Qd2 Bg7 16. Rfd1 a5 17. Bd4 Nxd4 18. Nxd4 Qb6 19. b3 Ra8 20. Nb5 Rfc8 21.
Kf1 a4 22. bxa4 Rxa4 23. Rb1 Qa5 1/2-1/2

[Event "Lichtenberger Sommer 2024"]
[Site "Berlin"]
[Date "2024.08.17"]
[Round "8.78"]
[White "Mannaberg, Steffen"]
[Black "Zesewitz, Uwe"]
[Result "1-0"]
[WhiteElo "1756"]
[BlackElo "1629"]
[PlyCount "93"]
[EventDate "2024.08.10"]
[WhiteTeam "vereinslos"]
[BlackTeam "SV SF Friedrichshagen"]

1. d3 f5 2. g3 Nf6 3. Bg2 e6 4. a3 Be7 5. c4 O-O 6. Nc3 c6 7. Nf3 d6 8. O-O Qe8
9. b4 Nbd7 10. Qb3 Ne5 11. Nxe5 dxe5 12. Bb2 Qh5 13. Rae1 g5 14. Nd1 Bd6 15. c5
Bc7 16. Ne3 f4 17. Nc4 g4 18. Qc3 Nd5 19. Bxd5 cxd5 20. Nxe5 Bxe5 21. Qxe5 Qxe5
22. Bxe5 f3 23. exf3 Rxf3 24. Re3 Bd7 25. Rxf3 gxf3 26. Re1 Rf8 27. Re3 Rf7 28.
d4 h5 29. Bf4 Kh7 30. Rxf3 b6 31. Re3 Kg6 32. h4 Kf5 33. Kg2 Rh7 34. Bg5 Kg6
35. c6 Bc8 36. b5 Rf7 37. f3 Rf8 38. a4 Re8 39. Bf4 a6 40. Bc7 axb5 41. axb5
Rf8 42. Bxb6 Rf5 43. Bc5 Kf7 44. b6 e5 45. Rxe5 Rxe5 46. dxe5 Ke6 47. b7 1-0

[Event "Lichtenberger Sommer 2024"]
[Site "Berlin"]
[Date "2024.08.17"]
[Round "8.79"]
[White "Bashirova, Sona"]
[Black "Kellner, Rene"]
[Result "1/2-1/2"]
[WhiteElo "1652"]
[BlackElo "1734"]
[PlyCount "62"]
[EventDate "2024.08.10"]
[WhiteTeam "SV Empor Berlin e.V."]
[BlackTeam "Potsdamer SV Mitte e.V."]

1. e4 c6 2. d4 d5 3. f3 dxe4 4. fxe4 e5 5. Nf3 exd4 6. Bc4 Bb4+ 7. Bd2 Bxd2+ 8.
Nbxd2 Nf6 9. O-O O-O 10. Ng5 Bg4 11. Nxf7 Rxf7 12. Bxf7+ Kh8 13. Qe1 Qe7 14.
Bb3 Nbd7 15. Qh4 Qc5 16. Kh1 a5 17. a4 Re8 18. Rae1 Qb4 19. Nf3 Bxf3 20. gxf3
d3 21. Bf7 Rf8 22. Bg6 dxc2 23. b3 Ne5 24. Bf5 Nd3 25. Ra1 c1=Q 26. Raxc1 Nxc1
27. Rxc1 Qxb3 28. Qh3 Qb2 29. Rg1 Rd8 30. f4 Qe2 31. e5 Nh5 1/2-1/2

[Event "Lichtenberger Sommer 2024"]
[Site "Berlin"]
[Date "2024.08.17"]
[Round "8.81"]
[White "Abobreik, Salem"]
[Black "Liu, Peilin"]
[Result "0-1"]
[WhiteElo "1725"]
[BlackElo "1608"]
[PlyCount "56"]
[EventDate "2024.08.10"]
[WhiteTeam "Spandauer SV e.V."]
[BlackTeam "SVG Saarbrücken 1970 e.V."]

1. d4 d5 2. c4 c6 3. cxd5 cxd5 4. Nc3 Nc6 5. Bf4 Nf6 6. Nf3 e6 7. e3 Bb4 8. Bd3
Bxc3+ 9. bxc3 O-O 10. Qc2 Bd7 11. Ne5 Rc8 12. g4 Nb4 13. Qb1 Nxd3+ 14. Qxd3 Ne4
15. Rc1 a6 16. Nxd7 Qxd7 17. f3 Nd6 18. h4 Nb5 19. h5 Qc6 20. Kd2 f6 21. h6 g5
22. Bg3 Kh8 23. f4 Na3 24. fxg5 Nc4+ 25. Ke2 fxg5 26. Rhf1 Qa4 27. Qc2 Qxc2+
28. Rxc2 Rxf1 0-1

[Event "Lichtenberger Sommer 2024"]
[Site "Berlin"]
[Date "2024.08.17"]
[Round "8.82"]
[White "Majewski, Nico"]
[Black "Müller, Leon"]
[Result "0-1"]
[WhiteElo "1623"]
[BlackElo "1550"]
[PlyCount "44"]
[EventDate "2024.08.10"]
[WhiteTeam "ESV Lok Falkenberg e.V."]
[BlackTeam "SV Mattnetz Berlin e.V."]

1. c4 d6 2. Nc3 Nf6 3. Nf3 g6 4. g3 Bg7 5. Bg2 O-O 6. O-O c5 7. d4 Nbd7 8. Rb1
Qc7 9. b3 a6 10. Bb2 Rb8 11. a4 cxd4 12. Nxd4 Ne5 13. f4 Nc6 14. Nxc6 bxc6 15.
e4 Bg4 16. Qd3 Rxb3 17. Kh1 Qb7 18. Ba1 Be6 19. Qc2 Rb8 20. Qa2 Rxb1 21. Rxb1
Qc7 22. Bf1 c5 0-1

[Event "Lichtenberger Sommer 2024"]
[Site "Berlin"]
[Date "2024.08.17"]
[Round "8.84"]
[White "Schacht, Thomas"]
[Black "Lippert, Marc"]
[Result "1-0"]
[WhiteElo "1704"]
[BlackElo "1450"]
[PlyCount "120"]
[EventDate "2024.08.10"]
[WhiteTeam "BSV 63 Chemie Weißensee"]
[BlackTeam "SVG Läufer Reinickendorf e.V."]

1. d4 Nf6 2. c4 g6 3. Nc3 d5 4. cxd5 Nxd5 5. e4 Nxc3 6. bxc3 Bg7 7. Nf3 O-O 8.
Be2 c5 9. Be3 Nc6 10. e5 Be6 11. O-O Re8 12. Qd2 Na5 13. dxc5 Nc4 14. Qxd8
Rexd8 15. Bd4 Bh6 16. Rab1 Na5 17. Rb5 Bd5 18. Rxa5 a6 19. Ra4 e6 20. a3 Bc6
21. Rb4 a5 22. Rb2 a4 23. Nd2 Bd5 24. Nc4 Rab8 25. Na5 Rdc8 26. Rb4 Bg5 27. c4
Be4 28. f3 Bc2 29. Nxb7 Bb3 30. Nd6 Rd8 31. Rxb8 Rxb8 32. f4 Be7 33. Rb1 Bd8
34. Bd1 Bc7 35. Bxb3 Rxb3 36. Rxb3 axb3 37. Bb2 Ba5 38. Nb5 Bd2 39. Kf1 Bxf4
40. g3 Be3 41. c6 Bb6 42. c7 Bxc7 43. Nxc7 Kf8 44. a4 Ke7 45. a5 Kd7 46. Nb5
Kc6 47. a6 Kb6 48. a7 Kb7 49. c5 Kc6 50. a8=Q+ Kxb5 51. Qa3 Kc6 52. Qxb3 Kxc5
53. Qd3 h6 54. Ba3+ Kc6 55. Qd6+ Kb5 56. Qc5+ Ka6 57. Bb4 Kb7 58. Qd6 Kc8 59.
Ba5 Kb7 60. Qc7+ Ka8 1-0

[Event "Lichtenberger Sommer 2024"]
[Site "Berlin"]
[Date "2024.08.17"]
[Round "8.85"]
[White "Dittrich, Hans-Jürgen"]
[Black "Geiß, Anne"]
[Result "1/2-1/2"]
[WhiteElo "1573"]
[BlackElo "1669"]
[PlyCount "61"]
[EventDate "2024.08.10"]
[WhiteTeam "SC Eintracht Berlin e.V."]
[BlackTeam "SC Kreuzberg e.V."]

1. d4 Nf6 2. Nf3 d5 3. Bf4 e6 4. e3 Bd6 5. Bg3 O-O 6. c3 c5 7. Bxd6 Qxd6 8.
dxc5 Qxc5 9. Be2 Nc6 10. Nd4 a6 11. Nd2 Nxd4 12. exd4 Qc7 13. Nf3 b5 14. h3 Bb7
15. O-O Nd7 16. Bd3 h6 17. Re1 Rfe8 18. Ne5 Nf6 19. a3 Ne4 20. f3 f6 21. fxe4
fxe5 22. exd5 exd5 23. Bg6 Re7 24. Rf1 e4 25. Qg4 Bc8 26. Qf4 Qxf4 27. Rxf4 Be6
28. Raf1 a5 29. Bf5 Bxf5 30. Rxf5 Rd8 31. Re1 1/2-1/2